| 000 | 00819nam a2200241 a 4500 | ||
|---|---|---|---|
| 001 | 21537 | ||
| 003 | CO-ViMGA | ||
| 008 | 141112s2004 ck r 000 u spa d | ||
| 020 | _a8440699492 | ||
| 040 |
_aCO-ViMGA _bspa _cCO-ViMGA |
||
| 082 | 0 | 4 | _aI 741.5 W177p |
| 100 | 1 |
_aWatterson, Bill _930754 |
|
| 245 | 1 | 0 | _aPartículas subatómicas en un grano de arena en una playa infinita |
| 260 |
_aBarcelona : _bGrupo Z, _c1992 |
||
| 300 | _a63 | ||
| 490 | _aFans calvin y hobbes; 29 | ||
| 590 | _aForma de adquisición : Donación fact. 8849 - - Precio : 18000 - - Proveedor : Fundación exito - - Fecha de adquisición : Junio 2007 | ||
| 650 | 1 | 4 |
_aCARICATURAS _913803 |
| 650 | 1 | 4 |
_aDIBUJOS ANIMADOS _913804 |
| 650 | 1 | 4 |
_aHUMORISMO GRAFICO _919546 |
| 650 | 1 | 4 |
_aTIRAS COMICAS HISTORIETAS, ETC _930755 |
| 942 |
_2ddc _cBK |
||
| 999 |
_c30123 _d30123 |
||